Science Quiz

Random Science or Animal Quiz

6 to 1: Animal Quiz Stats

 Plays Quiz Updated Jul 31, 2019

Support Sporcle.
Go Orange.
Score 0/21 Timer 05:00
7 Plays Today
Answer % Correct
Lion
94.6%
Gorilla (Gorilla)
90.5%
African Elephant
90.3%
Ostrich
88%
Chimpanzee (Pan)
81.7%
Platypus
80.4%
Rhinoceros
80.4%
Emu
80.1%
Madagascar
77.4%
Orangutan (Pongo)
75.6%
Species
74.5%
Answer % Correct
Genus
65.8%
Phylum
63.4%
Family
61.9%
Order
53.7%
Class
53.2%
Human (Homo)
50.6%
Leopard
46.4%
Echidna
35.6%
Cape Buffalo
34.6%
Cassowary
24.3%

You're not logged in!

Compare scores with friends on all Sporcle quizzes.
OR
Log In

From the Vault

A Dance with Dragons: Most Mentioned Characters

by Boruff

After however many thousands of pages, we had a hard time keeping all those characters straight.
Remove Ads.
Support Sporcle.
Get the best of Sporcle when you Go Orange. This ad-free experience offers more features, more stats, and more fun while also helping to support Sporcle. Thank you for becoming a member.

Show Comments

Extras

Top Quizzes Today


Score Distribution

Your Account Isn't Verified!

In order to create a playlist on Sporcle, you need to verify the email address you used during registration. Go to your Sporcle Settings to finish the process.

Report this User

Report this user for behavior that violates our Community Guidelines.

Details: